Catálogo

EL LIBRO DE LAS HABILIDADES DIRECTIVAS (Registro nro. 51898)

Detalles MARC
000 -LEADER
fixed length control field 00871nam a2200193 a 4500
001 - CONTROL NUMBER
control field 51898
005 - DATE AND TIME OF LATEST TRANSACTION
control field 20180714041532.0
008 - FIXED-LENGTH DATA ELEMENTS--GENERAL INFORMATION
fixed length control field 140415s2003 sp 000 0 spa d
020 ## - INTERNATIONAL STANDARD BOOK NUMBER
International Standard Book Number 8479785896
041 ## - LANGUAGE CODE
Language code of text/sound track or separate title spa
082 ## - DEWEY DECIMAL CLASSIFICATION NUMBER
Classification number 658.4092
Item number PUC
100 1# - MAIN ENTRY--PERSONAL NAME
Personal name Puchol, Luis,.
245 13 - TITLE STATEMENT
Title EL LIBRO DE LAS HABILIDADES DIRECTIVAS
250 ## - EDITION STATEMENT
Edition statement 1a ed.
260 ## - PUBLICATION, DISTRIBUTION, ETC.
Place of publication, distribution, etc. ESPAÑA :
Name of publisher, distributor, etc. DIAZ DE SANTOS,
Date of publication, distribution, etc. 2003
300 ## - PHYSICAL DESCRIPTION
Extent 306
Dimensions 16.9 x 3.3 x 24
520 ## - SUMMARY, ETC.
Summary, etc. NACE ESTE LIBRO DEL PROPOSITO DE UN GRUPO DE DPCOENTES UNIVERSITARIOS, QUE TAMBIEN PRACTICAN LA CONSULTORIA EMPRESARIAL DE EMPRESAS, DE OFRECER A QUIENES EJERCEN, O SE PREPARAN PARA EJERCER LA GESTION, UNOS CONOCIMIENTOS, UNAS TECNICAS Y UNAS ACTITUDES QUE LES AYUDEN A INCREMENTAR SU EFICACIA Y SU EFICIENCIA COMO GESTORES EN EMPRESAS PUBLICAS Y PRIVADAS.
650 14 - SUBJECT ADDED ENTRY--TOPICAL TERM
Topical term or geographic name entry element DIRECCION
General subdivision HABILIDADES
-- LIDERAZGO
Existencias
Withdrawn status Lost status Source of classification or shelving scheme Damaged status Not for loan Collection code Home library Current library Shelving location Date acquired Source of acquisition Inventory number Total Checkouts Total Renewals Full call number Barcode Date last seen Date last checked out Price effective from Koha item type
    Dewey Decimal Classification     General Biblioteca Karol Wojtyla Biblioteca Karol Wojtyla Sala general 03/12/2013 Compra 151000000000000000013782 1 1 658.4092 PUC 77239 05/01/2026 31/08/2024 03/12/2013 Libro